| 000 | 00635nam a2200205 i 4500 | ||
|---|---|---|---|
| 001 | 36769 | ||
| 003 | ES-MaACL | ||
| 005 | 20231215062947.0 | ||
| 007 | t| | ||
| 008 | 030219s1963 sp f |||| | spa d | ||
| 080 | _a821.134.2-93(082.2) | ||
| 100 | 1 |
_aBravo-Villasante, Carmen, _d1918-1994 _931507 |
|
| 245 | 1 | 0 |
_aHistoria de la literatura infantil española / _cCarmen Bravo-Villasante. |
| 250 | _a2ª ed. | ||
| 260 |
_aMadrid : _bDoncel, _c1963. |
||
| 300 |
_a281 p., 9 lám. col. y n. ; _c27 cm. |
||
| 650 | 4 |
_aLiteratura infantil española- _xHistoria y crítica. _914623 |
|
| 852 |
_aES-MaACL _jC-23577 |
||
| 999 |
_c36769 _d36769 |
||